| 000 | 00368 a2200157 4500 | ||
|---|---|---|---|
| 003 | Nust | ||
| 005 | 20230120104525.0 | ||
| 040 | _cNust | ||
| 082 | _a808.83,BAR | ||
| 100 |
_aBart,Walter Scott _9107217 |
||
| 245 |
_aThe Heart of Midlothian / _cSir Walter Scott Bart |
||
| 260 |
_aLondon _bBlack Ltd |
||
| 300 | _a576:p | ||
| 650 |
_aFiction _93172 |
||
| 942 |
_2ddc _cBK |
||
| 999 |
_c186836 _d186836 |
||